000 00246nam a2200097Ia 4500
001 867104
005 20250826175600.0
008 250824s9999 xx 000 0 und d
245 0 _aSİS NASIL OLSA DAĞILIR
_cAHMET MELİH KARAUĞUZ
260 _bKETEBE
999 _c867104
_d867104